000 00505pab a2200181 454500
008 180718b2011 xxu||||| |||| 00| 0 eng d
100 _aGalligan, Yvonne
245 _aAttitudes towards women in politics: Gender, generation and party identification in Ireland
260 _c2011
300 _ap.585-611.
362 _aOct
650 _aWomen in politics - Ireland
650 _aWomen in politics
700 _aKnight, Kathleen
773 _aParliamentary Affairs
908 _aN
909 _a93810
999 _c93810
_d93810